Hauptstädte, die auf 'e' enden - Statistiken

Allgemein
  • Dieses Quiz wurde 181 mal gespielt
  • Das Durchschnittsergebnis liegt bei 5 aus 19
Antwortstatistiken
Hauptstadt Land % Korrekt
Malé Malediven
49%
Santiago de Chile Chile
41%
Lomé Togo
40%
Skopje Nordmazedonien
32%
Sucre Bolivien
32%
Vientiane Laos
32%
Harare Simbabwe
30%
Libreville Gabun
30%
Gaborone Botswana
29%
Yaoundé Kamerun
29%
Basseterre St. Kitts und Nevis
27%
Duschanbe Tadschikistan
25%
Lilongwe Malawi
24%
Brazzaville Republik Kongo
22%
São Tomé São Tomé und Príncipe
21%
Mbabane Eswatini
17%
Port-au-Prince Haiti
14%
San José Costa Rica
14%
Sri Jayewardenepura Kotte Sri Lanka
3%
Keine übereinstimmenden Quizze gefunden
Verteilung der Resultate
Anzahl Personen mit jedem Resultat
Perzentil nach korrekt beantworteten Fragen
Ihre Resultats-Entwicklung
Sie haben dieses Quiz noch nicht gespielt